• 首页
  • 本馆介绍
  • 公告通知
  • 最新文献
  • 馆藏检索
  • 电子资源
  • 读者导购
  • 参考咨询
  • 我的图书馆
  • 登录
  • 详细信息显示
  • 放入我的书架
  • 预约/预借图书
  • 作者相关作品
  • 分类相关作品
  • 丛书相关作品
  • 出版社相关作品

书目信息

  • 表格格式
  • 工作单格式
  • 卡片格式
题名:
中国地热资源及开发利用
    
 
作者: 田廷山 编
分册:  
出版信息: 北京   中国环境科学出版社  2006.70
页数:
开本: 16开
丛书名:
单 册:
中图分类: P314.2
科图分类:
主题词: 岩石--物理学 , 固体地球物理学
电子资源:
ISBN: 7-80209-286-8
000 00585nam0 2200193 450
001 0736196517
005 20070924100316.51
010    @a7-80209-286-8@d¥25.00
100    @a20070924d km y0chiy0120 ea
101 0  @achi
200 1  @a中国地热资源及开发利用@Azhong guo di re zi yuan ji kai fa li yong@f田廷山 等编@Ftian ting shan deng bian
210    @a北京@c中国环境科学出版社@d2006.70
215    @d16开
606 0  @a岩石@x物理学
606 0  @a固体地球物理学
690    @aP314.2@v3
701  0 @a田廷山@Atian ting shan@4编
801  0 @aCN@bPFT@c20070924
905    @a213230@dP314.2@eZY4@f1
    
    中国地热资源及开发利用/田廷山 等编.-北京:中国环境科学出版社,2006.70
    16开
    
    
    ISBN 7-80209-286-8:¥25.00
    
●
相关链接 在E读中查询图书 在五车中查询图书 在当当中查询图书 在豆瓣中查询图书


正题名:中国地热资源及开发利用     索取号:P314.2/ZY4         预约/预借

序号 登录号 条形码 馆藏地/架位号 状态 备注
1 7902509   279025092   密集书库-资源管理系/ [索取号:P314.2/ZY4] 在馆    
唐山师范学院图书馆 欢迎您!
大连网信软件有限公司© 版权所有